000 00487nam a22001577a 4500
003 PILC
005 20160309093921.0
008 160309b xxu||||| |||| 00| 0 eng d
050 _aQA 76
_b.M494 2015
100 _aMeeker, Heather.
245 _aOpen source for business :
_ba practical guide to open software licensing /
_cHeather Meeker.
300 _avii, 329 pages :
_billustrations ;
_c23 cm.
500 _aIncludes glossary and index.
650 _aOpen source.
942 _2lcc
_cBK
999 _c291492
_d291492